000
00282nam a22001217a 4500
041
_a
ENG
100
_a
Patil .C.B
245
_a
Rainfall At Locations Maharashtra State
260
_a
Jalgaon
_b
Vyankatesh Prakashan
_c
2007
300
_a
175
650
_a
SWCE
856
_u
SWCE ( 06 )
999
_c
1903
_d
1903